[Event "Alexandria op 18th"]
[Site "Alexandria"]
[Date "2012.08.30"]
[Round "4"]
[White "Yasseen, Aly"]
[Black "Elamrawy, Mohamed"]
[Result "1-0"]
[WhiteElo "2292"]
[BlackElo "2087"]
[PlyCount "72"]
[EventDate "2012.08.27"]
[EventType "swiss"]
[EventRounds "9"]
[EventCountry "EGY"]
[SourceTitle "CBM 150 Extra"]
[Source "ChessBase"]
[SourceDate "2012.10.19"]
[SourceVersion "1"]
[SourceVersionDate "2012.10.19"]
[SourceQuality "1"]

1. e4 e5 2. Nf3 Nc6 3. Bb5 d6 4. 0-0 Bg4 5. h3 Bh5 6. d3 a6 7. Bxc6+ bxc6 8. Be3 Bxf3 9. Qxf3 g6 10. c3 c5 11. Nd2 Bg7 12. Qe2 Ne7 13. f4 0-0 14. f5 gxf5 15. exf5 Nd5 16. f6 Bxf6 17. Bh6 Nf4 18. Qg4+ Ng6 19. Bxf8 Kxf8 20. Qf5 Kg7 21. Ne4 Be7 22. Qxf7+ Kh8 23. g3 Qc8 24. Kh2 Qb7 25. b3 Rf8 26. Qe6 Qc8 27. Qxc8 Rxc8 28. h4 d5 29. Nd2 Kg7 30. Rf2 Bd6 31. Raf1 Re8 32. h5 Nf8 33. c4 c6 34. Rf6 Re6 35. h6+ Kg8 36. Rxe6 Nxe6 1-0

[Event "Alexandria op 18th"]
[Site "Alexandria"]
[Date "2012.08.28"]
[Round "2"]
[White "Sarwat, Walaa"]
[Black "Elamrawy, Mohamed"]
[Result "1/2-1/2"]
[WhiteElo "2318"]
[BlackElo "2087"]
[PlyCount "102"]
[EventDate "2012.08.27"]
[EventType "swiss"]
[EventRounds "9"]
[EventCountry "EGY"]
[SourceTitle "CBM 150 Extra"]
[Source "ChessBase"]
[SourceDate "2012.10.19"]
[SourceVersion "1"]
[SourceVersionDate "2012.10.19"]
[SourceQuality "1"]

1. e4 e5 2. Nf3 Nc6 3. Bb5 d6 4. Bxc6+ bxc6 5. d4 Bg4 6. Be3 exd4 7. Bxd4 Nf6 8. Nbd2 Be7 9. h3 Bh5 10. Qe2 0-0 11. 0-0 Re8 12. Rfe1 Bg6 13. Nh4 Nd7 14. Nxg6 hxg6 15. Qa6 Nb6 16. Nf3 Qc8 17. Qd3 c5 18. Be3 Bf6 19. c3 Qb7 20. Bg5 Rad8 21. h4 Nd7 22. b3 Re6 23. Bxf6 Nxf6 24. e5 Nh7 25. exd6 Rxe1+ 26. Rxe1 cxd6 27. c4 Nf6 28. Ng5 d5 29. Qf3 Qd7 30. cxd5 Qxd5 31. Qe3 Nh7 32. Nf3 Nf6 33. Qe7 Rd7 34. Qe2 Qd6 35. Ng5 Kf8 36. Qf3 Qd5 37. Qf4 Qd2 38. Qb8+ Rd8 39. Qe5 Qd6 40. Qe2 Qd7 41. Qc4 Qd5 42. Qa4 Qd7 43. Qa5 Rc8 44. Rc1 Ng4 45. g3 Qf5 46. Nh3 Ne5 47. Ng5 Nd3 48. Rf1 f6 49. f4 Qg4 50. Qa6 Nb4 51. Qd6+ Kg8 1/2-1/2